000 00686cam a22002297a 4500
003 OSt
005 20140310182453.0
008 050727s2005 nyua 001 0 eng d
020 _a9780756609542 (pbk.)
050 0 0 _aRG 556.6
_b.G611 2005
100 1 _aGoetzl, Laura.
_98182
245 1 0 _aHealthy pregnancy over 35 /
_cLaura Goetzl and Regine Harford.
246 3 _aHealthy pregnancy over thirty-five
250 _a1st American ed.
260 _aNew York :
_bDK Pub.,
_cc2005.
300 _a160 p. :
_bcol. ill. ;
_c24 cm.
500 _aIncludes index.
650 0 _aPregnancy in middle age.
_98183
700 1 _aHarford, Regine.
_98184
942 _2lcc
_cSSLC
999 _c13693
_d13693